Pokemon 8G - Statistiques

Statistiques générales
  • Ce quiz a été pris 60 fois
  • Le résultat moyen est 55 sur 81
Statistiques - réponses
Hint Réponse Type 1 Type 2 % Correct
812 Gorythmic Plante
93%
815 Pyrobut Feu
90%
811 Badabouin Plante
88%
813 Flambino Feu
88%
816 Larméléon Eau
88%
818 Lézargus Eau
88%
817 Arrozard Eau
86%
810 Ouistempo Plante
86%
823 Corvaillus Vol Acier
83%
814 Lapyro Feu
83%
821 Minisange Vol
83%
861 Angoliath Ténèbres Fée
79%
888 Zacian Fée Acier
79%
889 Zamazenta Combat Acier
79%
832 Moumouflon Normal
76%
831 Moumouton Normal
76%
849 Salarsen Electrik Poison
76%
835 Voltoutou Electrik
76%
826 Astronelle Insecte Psy
74%
819 Rongourmand Normal
74%
820 Rongrigou Normal
74%
828 Roublenard Ténèbres
74%
848 Toxizap Electrik Poison
74%
837 Charbi Roche
71%
890 Ethernatos Dragon Poison
71%
836 Fulgudog Electrik
71%
858 Sorcilence Psy Fée
71%
834 Torgamord Eau Roche
71%
840 Verpom Plante Dragon
71%
838 Wagomine Feu Roche
71%
825 Coléôdome Insecte Psy
69%
827 Goupilou Ténèbres
69%
887 Lanssorien Spectre Dragon
69%
866 M.Glaquette Glace Psy
69%
839 Monthracite Feu Roche
69%
873 Beldeneige Insecte Glace
67%
856 Bibichut Psy
67%
842 Dratatin Plante Dragon
67%
844 Dunaconda Sol
67%
843 Dunaja Sol
67%
860 Fourbelin Ténèbres Fée
67%
881 Galvagla Glace Elektrik
67%
880 Galvagon Electrik Dragon
67%
850 Grillepattes Insecte Feu
67%
862 Ixon Normal Ténèbres
67%
851 Scolocendre Insecte Feu
67%
886 Dispareptil Spectre Dragon
64%
884 Duralugon Acier Dragon
64%
885 Fantyrm Spectre Dragon
64%
859 Grimalin Ténèbres Fée
64%
883 Hydragla Eau Glace
64%
882 Hydragon Eau Dragon
64%
833 Khélocrok Eai
64%
863 Berserkatt Acier
62%
857 Chapotus Psy
62%
872 Frissonille Insecte Glace
62%
824 Larvadar Insecte
62%
865 Palarticho Combat
62%
841 Pomdrapi Plante Dragon
62%
852 Poulpaf Combat
62%
830 Blancoton Plante
60%
870 Hexadron Combat
60%
853 Krakos Combat
60%
845 Nigosier Eau Vol
60%
829 Tournicoton Plante
60%
867 Tutétékri Sol Spectre
60%
877 Morpeko Electrik Ténèbres
57%
822 Bleusaille Vol
55%
869 Charmilly Fée
55%
868 Crémy Fée
55%
854 Théffroi Spectre
55%
876 Wimessir Normal Psy
55%
846 Embrochet Eau
52%
855 Polthégeist Spectre
52%
871 Wattapik Electrik
52%
864 Corayome Spectre
50%
847 Hastacuda Eau
50%
878 Charibari Acier
48%
874 Dolman Roche
48%
879 Pachyradjah Acier
48%
875 Bekaglaçon Glace
45%
Aucun quiz correspondant
Distribution des résultats
% des personnes avec chaque résultat
Percentile par nombre de réponses
Votre historique - résultats
Vous n’avez pas pris ce quiz